|
|
|
|
| LEADER |
00000naa0a2200000 4500 |
| 001 |
599379 |
| 005 |
20250417085156.0 |
| 035 |
|
|
|a (RuTPU)RU\TPU\tpu\23399
|
| 035 |
|
|
|a RU\TPU\tpu\20382
|
| 090 |
|
|
|a 599379
|
| 100 |
|
|
|a 20130627d2011 k y0rusy50 ca
|
| 101 |
0 |
|
|a rus
|
| 102 |
|
|
|a RU
|
| 200 |
1 |
|
|a Интенсификация процесса подготовки нефти и газа
|f Ф. В. Гуль, В. В. Коробочкин, В. В. Тихонов
|
| 320 |
|
|
|a Библиогр.: 3 назв.
|
| 330 |
|
|
|a Проведены предварительные технологические расчеты и инженерно-технические обоснования для интенсификации процесса предварительной подготовки нефти внедрением процессов центрифугирования. На участке первой ступени сепарации использования центрифугирования позволит осуществлять процесс в тонкопленочном проточном режиме с возможным полным отбором газовой фазы. Подготовка нефти с использованием данной технологии позволит осуществить безреагентное полное разделение водонефтяной эмульсии на составляющие с более высоким качеством. Сброс подтоварной воды через отстойную центрифугу со шнековой выгрузкой осадка позволит получать осветленную воду и компактный шлам (с низкой остаточной влажностью), который не требует дополнительной подготовки для утилизации. Использование аэрозольных центрифуг для осушки попутного нефтяного газа даст возможность получать газ соответствующий современным требованиям и нормам без использования установок осушки газа основанных на сорбционных методах
|
| 333 |
|
|
|a В фонде НТБ ТПУ отсутствует
|
| 463 |
|
|
|t Нефть и нефтехимия
|o сборник материалов Всероссийской молодежной конференции с элементами научной школы, Казань, 24-25 нояб., 2011
|v С. 34-35
|d 2011
|
| 610 |
1 |
|
|a труды учёных ТПУ
|
| 700 |
|
1 |
|a Гуль
|b Ф. В.
|
| 701 |
|
1 |
|a Коробочкин
|b В. В.
|c российский химик-технолог
|c заведующий кафедрой Томского политехнического университета, доктор технических наук
|f 1951-
|g Валерий Васильевич
|3 (RuTPU)RU\TPU\pers\27915
|
| 701 |
|
1 |
|a Тихонов
|b В. В.
|
| 801 |
|
1 |
|a RU
|b 63413507
|c 20111213
|
| 801 |
|
2 |
|a RU
|b 63413507
|c 20130627
|g RCR
|
| 850 |
|
|
|a 63413507
|
| 942 |
|
|
|c BK
|